Downton Abbey (seasons 1-4) - Statistics

General Stats
  • This quiz has been taken 612 times
  • The average score is 7 of 14
Answer Stats
Hint Answer % Correct
Where was Matthew raised? Manchester
84%
Who was the cousin who supposedly perished on the Titanic? Patrick
81%
What was the name of Bates' former wife? Vera
81%
What was the cause of death of Mr Pamuk? Heart attack
79%
What is Anna's maiden name? Smith
76%
For what reason was Mrs Patmore's nephew shot? Cowardice
67%
What was the name of Cora's brother? Harold Levinson
63%
What illness was the cause of Lady Sybil's death? Eclampsia
57%
What was Matthew's profession? Country Solicitor
53%
What poison was used to kill Mr Bates' former wife? Arsenic
48%
In what Scottish castle did the Crawleys vacation in season 3? Duneagle
26%
When asked why Mr Gregson went to Germany, Edith told Cora that he went to see whose castles? King Ludwig's
6%
In season four, who referred to Mary as "aloof"? Mr Blake
6%
What did Matthew call the Blue Dragon club in season 3? The outer circle of Dante's Inferno
6%
No matching quizzes found
Score Distribution
Percent of People with Each Score
Percentile by Number Answered
Your Score History
You have not taken this quiz